000 00445nam a2200181Ia 4500
001 18027
005 20260306171600.0
008 260306s9999||||xx |||||||||||||| ||und||
041 _aESP
082 _a658.315
_bP95
100 _aPulido Cavero, Carlos
_eAUT
245 0 _aClima organizacional:
_bUna medida del éxito
260 _c2003
300 _a186 páginas :
_c20 cm.
650 _aGEN
654 _aCAN
942 _cLIB
_dJUS
_fJUS
_2ddc
_n
999 _c18027
_d18027